000 00774nam a2200253 i 4500
001 bg
100 1 _aDODGE, Mark
245 1 0 _aPodręcznik Microsoft Excel 2000 :
_bwersja polska /
_cMark Dodge, Craig Stinson ; [oprac. wersji pol. Piotr Kresak].
246 _iTyt. oryg.:
_aRunning Microsoft Excel 2000
260 _aWarszawa :
_b"RM",
_c1999.
300 _aXVIII, [1], 866 s. ;
_c24 cm.
500 _aTyt. oryg.: "Running Microsoft Excel 2000" 1999.
650 9 _aExcel
655 _aPodręczniki
700 1 _aSTINSON, Craig
_d(1943- )
700 1 _aKRESAK, Piotr.
_eOprac.
020 _a8372430098
040 _cBPK
041 1 _apl
_hen
080 _a004.42(07)Excel
920 _a83-7243-009-8
942 _cKS
008 s pl f |000 0 pol
999 _c36763
_d36763
856 _uhttp://koha.tu.koszalin.pl/cgi-bin/koha/opac-detail.pl?biblionumber=36763
_yKatalog online BPK